<?xml version="1.0" encoding="UTF-8"?><?xml-stylesheet type="text/xsl" href="static/style.xsl"?><OAI-PMH xmlns="http://www.openarchives.org/OAI/2.0/" xmlns:xsi="http://www.w3.org/2001/XMLSchema-instance" xsi:schemaLocation="http://www.openarchives.org/OAI/2.0/ http://www.openarchives.org/OAI/2.0/OAI-PMH.xsd"><responseDate>2026-04-18T18:21:15Z</responseDate><request verb="GetRecord" identifier="oai:riubu.ubu.es:10259/10327" metadataPrefix="marc">https://riubu.ubu.es/oai/request</request><GetRecord><record><header><identifier>oai:riubu.ubu.es:10259/10327</identifier><datestamp>2025-03-14T07:46:03Z</datestamp><setSpec>com_10259_4707</setSpec><setSpec>com_10259_5086</setSpec><setSpec>com_10259_2604</setSpec><setSpec>col_10259_4708</setSpec></header><metadata><record xmlns="http://www.loc.gov/MARC21/slim" xmlns:doc="http://www.lyncode.com/xoai" xmlns:xsi="http://www.w3.org/2001/XMLSchema-instance" xmlns:dcterms="http://purl.org/dc/terms/" xsi:schemaLocation="http://www.loc.gov/MARC21/slim http://www.loc.gov/standards/marcxml/schema/MARC21slim.xsd">
<leader>00925njm 22002777a 4500</leader>
<datafield tag="042" ind1=" " ind2=" ">
<subfield code="a">dc</subfield>
</datafield>
<datafield tag="720" ind1=" " ind2=" ">
<subfield code="a">Briones Llorente, Raúl</subfield>
<subfield code="e">author</subfield>
</datafield>
<datafield tag="720" ind1=" " ind2=" ">
<subfield code="a">Hidalgo-Betanzos, Juan Maria</subfield>
<subfield code="e">author</subfield>
</datafield>
<datafield tag="720" ind1=" " ind2=" ">
<subfield code="a">Montoya Saiz, Paula</subfield>
<subfield code="e">author</subfield>
</datafield>
<datafield tag="720" ind1=" " ind2=" ">
<subfield code="a">Ruiz de Vergara Ruiz de Azúa, Imanol</subfield>
<subfield code="e">author</subfield>
</datafield>
<datafield tag="720" ind1=" " ind2=" ">
<subfield code="a">Rubio Pérez, Gabriel</subfield>
<subfield code="e">author</subfield>
</datafield>
<datafield tag="720" ind1=" " ind2=" ">
<subfield code="a">Muñoz Rujas, Natalia</subfield>
<subfield code="e">author</subfield>
</datafield>
<datafield tag="720" ind1=" " ind2=" ">
<subfield code="a">Aguilar Romero, Fernando</subfield>
<subfield code="e">author</subfield>
</datafield>
<datafield tag="260" ind1=" " ind2=" ">
<subfield code="c">2025-01</subfield>
</datafield>
<datafield tag="520" ind1=" " ind2=" ">
<subfield code="a">La rehabilitación de edificios es clave para luchar contra el cambio climático y ofrece oportunidades para fijar población en el medio rural, revalorizar su patrimonio y ayudar a descongestionar las ciudades. Además, tiene un menor impacto ambiental que la nueva construcción. Con esta contribución, se presenta el estudio energético para la rehabilitación de la antigua Abadía de Salas de Bureba, situada en el Valle de Caderechas, al Norte de Burgos. El objetivo es devolver el edificio a su estado original, por lo que la mayoría de las fachadas no se van a poder aislar. Se ha realizado una simulación energética en detalle y se han analizado todas las opciones viables, aplicando mejoras pasivas combinadas con la instalación de energías renovables. Este proyecto, cuya ejecución ya ha comenzado, ha obtenido una calificación energética doble A, lo ha permitido que opte a las ayudas del Programa PREE 5000.</subfield>
</datafield>
<datafield tag="520" ind1=" " ind2=" ">
<subfield code="a">The renovation of buildings is key to the fight against climate change and offers opportunities to fix the population in rural areas, revalue their heritage and help decongest cities. In addition, it has a lower environmental impact than new construction. With this contribution, the energy study for the rehabilitation of the old Abbey of Salas de Bureba, located in the Caderechas Valley, north of Burgos, is presented. The aim is to return the building to its original state, so most of the facades will not be able to be insulated. A detailed  energy  simulation  has  been  conducted  and  all  viable  options  have  been  analysed,  applying  passive  improvements  combined with  the  installation  of  renewable  energies.  This  project,whose  implementation  has  already  begun,  has  obtained  a  double  A  energy  rating, which has allowed it to apply for aid from the PREE 5000 Programme.</subfield>
</datafield>
<datafield tag="024" ind2=" " ind1="8">
<subfield code="a">http://hdl.handle.net/10259/10327</subfield>
</datafield>
<datafield tag="024" ind2=" " ind1="8">
<subfield code="a">10.20868/ade.2025.5401</subfield>
</datafield>
<datafield tag="024" ind2=" " ind1="8">
<subfield code="a">2444-1309</subfield>
</datafield>
<datafield ind1=" " ind2=" " tag="653">
<subfield code="a">Eficiencia energética</subfield>
</datafield>
<datafield ind1=" " ind2=" " tag="653">
<subfield code="a">Patrimonio</subfield>
</datafield>
<datafield ind1=" " ind2=" " tag="653">
<subfield code="a">Rehabilitación</subfield>
</datafield>
<datafield ind1=" " ind2=" " tag="653">
<subfield code="a">Reto demográfico</subfield>
</datafield>
<datafield ind1=" " ind2=" " tag="653">
<subfield code="a">Energy efficiency</subfield>
</datafield>
<datafield ind1=" " ind2=" " tag="653">
<subfield code="a">Heritage</subfield>
</datafield>
<datafield ind1=" " ind2=" " tag="653">
<subfield code="a">Rehabilitation</subfield>
</datafield>
<datafield ind1=" " ind2=" " tag="653">
<subfield code="a">Demographic challenge</subfield>
</datafield>
<datafield tag="245" ind1="0" ind2="0">
<subfield code="a">Estudio energético para la rehabilitación de la antigua Abadía de Salas de Bureba (Burgos) para uso residencial. Caso de estudio</subfield>
</datafield>
</record></metadata></record></GetRecord></OAI-PMH>